000 01123nam a2200289Ia 4500
003 OSt
005 20221007125432.0
006 a|||||r|||| 00| 0
007 ta
008 221006b |||||||| |||| 00| 0 eng d
020 _a8186535195 (pbk)
_cRs.795.00
024 _a10246
037 _bEducational,
_cTextual
040 _aCDL
_cCDL
_beng
041 _2eng
_aeng
082 _aE9G,1, N5;1
100 _aLippard Stephen J
_9504861
245 0 _aPrinciples of bioinorganic chemistry by Stephen J Lippard and Jeremy M Berg
_b Berg Jeremy M
260 _aNew
_bDelhi Panima Pub. Corporation
_c1995
300 _axvii, 411p
_ccm.
500 _aIncludes bibliographical references; Index 393-411p; ^n23/CSL/CARC/2002-2003/587^d2003-01-03^mPurchase; ; 2002-03/750^b2003-02-26^cEBA/563/2002-03^d2003-02-17^eRs.12,307.00^fEducational Book Agency (India); ; 2003-03-24^bSB^c2003-04-03^dRPS
650 _a Inorganic
650 _aBiochemistry
700 _a Berg Jeremy M
_9392958
942 _hE9G,1, N5;1
_cTEXL
_2CC
999 _c1215272
_d1215272